{"text_format":"3","workbook":"xls","n_sheets":1,"sheets":["Sheet1"],"read":"whole","date_system":"1900","formulas":"cached_only"}

{"sheet":"Sheet1","index":0,"n_rows":23,"n_cols":7,"rows_kept":23,"merged":[[0,0,0,6],[19,1,19,5],[22,0,22,6]],"flags":["formulas_cached_only"]}
["2024年 双创采购清单-汽车机电系"]
["序号","耗材品名","型号规格","单位","数量","参考单价（元）","单项控制价（元）"]
[1,"220V时间继电器","正泰220V","个",10,30,300]
[2,"时间继电器底座","PF083A","个",10,3,30]
[3,"指示灯","三色指示灯盒","个",10,25,250]
[4,"熔断器","熔断器3P","个",10,9,90]
[5,"熔体","熔体10A","盒",12,10,120]
[6,"热继电器","正泰380V-JRS1D-25","个",20,27,540]
[7,"热继电器基座","正泰380V-JRS1D-25","个",20,5.5,110]
[8,"断路器","断路器32A","个",10,30,300]
[9,"螺丝+螺帽","M4*8","套",100,0.12,12]
[10,"导线","红黄蓝黑四色","卷",50,25,1250]
[11,"内六角螺丝刀","SJ亚光9件球头（加长型）","套",20,18,360]
[12,"一字螺丝刀","得力终保-3*75mm","个",20,10,200]
[13,"电子焊接套件","焊丝（100克）","个",20,17,340]
[14,"电烙铁","SATA40W恒温内热式","个",20,20,400]
[15,"平锉刀","12寸粗齿","把",10,15.5,155]
[16,"哈量直柄麻花钻","φ8.8","根",13,11,143]
[17,"白纱手套",null,"副",200,2,400]
[null,"总控制价：",{"$nulls":4},5000]
[]
[]
["注：1.此表单价为参考价格，报价不得超过控制价；2.可将此表修改为报价单，但其中序号、耗材品名、型号规格、单位、数量不得修改。"]